[Event "Danmarksmesterskabet 2024"]
[Site "Svendborg"]
[Date "2024.03.23"]
[Round "1"]
[White "Chatalbashev, Boris"]
[Black "Ochsner, Bjorn Moller"]
[Result "1-0"]
[WhiteElo "2448"]
[BlackElo "2518"]
[PlyCount "197"]
[EventDate "2023.03.23"]
[EventType "tourn"]
[EventRounds "9"]
[EventCountry "DEN"]
[SourceTitle "Live v. Kasper Jerwiarz"]

1. Nf3 Nf6 2. g3 g6 3. b3 Bg7 4. Bb2 O-O 5. Bg2 d6 6. d4 a5 7. c4 a4 8. O-O axb3 9. axb3 Rxa1 10. Bxa1 e5 11. dxe5 Ng4 12. Nc3 Nxe5 13. Nxe5 Bxe5 14. f4 Bg7 15. Nd5 c6 16. Bxg7 Kxg7 17. Qd4+ f6 18. Nc3 Qe7 19. Rd1 Rd8 20. b4 Be6 21. e4 Rd7 22. b5 Qf7 23. Bf1 cxb5 24. cxb5 Rc7 25. b6 Rd7 26. Nd5 Bxd5 27. exd5 Re7 28. Qb4 Qe8 29. Qxd6 Nd7 30. Rc1 Rf7 31. Qe6 Re7 32. Qd6 Rf7 33. Qa3 Nxb6 34. d6 Qe4 35. Rd1 Qc2 36. Rd4 Rd7 37. Qb4 Qc6 38. Bb5 Qc1+ 39. Kf2 Qh1 40. Bxd7 Qxh2+ 41. Kf1 Qh1+ 42. Ke2 Qg2+ 43. Kd1 Nxd7 44. Qe1 Qf3+ 45. Kc2 Qc6+ 46. Qc3 Qg2+ 47. Rd2 Qe4+ 48. Kb2 b6 49. Qd4 Qc6 50. Qe3 Qb5+ 51. Kc1 Qf1+ 52. Kb2 Qb5+ 53. Qb3 Qc6 54. Qb4 h5 55. Qd4 Qb5+ 56. Kc2 Qc6+ 57. Kb1 Qb5+ 58. Kc2 Qc6+ 59. Kb2 Qb5+ 60. Kc3 Qa5+ 61. Kc2 Qa2+ 62. Kd1 Qb3+ 63. Rc2 Qf3+ 64. Re2 Kh6 65. Qe3 Qd5+ 66. Rd2 Qh1+ 67. Kc2 Qc6+ 68. Kb1 Qb5+ 69. Kc1 Qf1+ 70. Kb2 Qb5+ 71. Qb3 Qa5 72. Rd4 Qa8 73. Qe3 Qg2+ 74. Rd2 Qc6 75. Qc3 Qb5+ 76. Kc1 Qf1+ 77. Kc2 Qb5 78. Qd4 Qc6+ 79. Qc3 Qb5 80. Qb3 Qc6+ 81. Kb2 Kg7 82. Qb4 Kh6 83. Ka2 Qa8+ 84. Kb1 Qh1+ 85. Kb2 Qc6 86. Qb3 Kg7 87. Qe6 Qb5+ 88. Kc1 Qc6+ 89. Rc2 Qh1+ 90. Kb2 Nc5 91. Qe7+ Kg8 92. Qe8+ Kg7 93. Qe7+ Kg8 94. d7 Na4+ 95. Ka2 Qd5+ 96. Ka3 Qd3+ 97. Kxa4 Qxc2+ 98. Kb5 Qd3+ 99. Kc6 1-0

[Event "Danmarksmesterskabet 2024"]
[Site "Svendborg"]
[Date "2024.03.23"]
[Round "1"]
[White "Ramsdal, Jens Albert"]
[Black "Jacobsen, Mikkel Manosri"]
[Result "1-0"]
[WhiteElo "2378"]
[BlackElo "2367"]
[PlyCount "137"]
[EventDate "2023.03.23"]
[EventType "tourn"]
[EventRounds "9"]
[EventCountry "DEN"]
[SourceTitle "Live v. Kasper Jerwiarz"]

1. d4 d5 2. c4 e6 3. Nf3 Nf6 4. Nc3 a6 5. c5 b6 6. cxb6 cxb6 7. Bf4 Bd6 8. Bxd6 Qxd6 9. e3 Nbd7 10. Be2 O-O 11. O-O Bb7 12. Qb3 Rfc8 13. a4 Ne4 14. Rfc1 Rc7 15. Rc2 Rac8 16. Rac1 h6 17. Na2 g5 18. Rxc7 Rxc7 19. Qd1 a5 20. Nd2 Rxc1 21. Qxc1 Nxd2 22. Qxd2 Bc6 23. Bd1 f6 24. b4 axb4 25. Qxb4 Qxb4 26. Nxb4 Nb8 27. Kf1 Bd7 28. Ke1 Kf7 29. Kd2 Ke7 30. Kc3 Kd6 31. Kb3 Be8 32. Be2 e5 33. Ka3 e4 34. Na6 Nxa6 35. Bxa6 Bd7 36. Kb4 Kc7 37. Bb5 Bc8 38. a5 bxa5+ 39. Kxa5 Bb7 40. Be8 Bc8 41. Kb5 Kd6 42. Kb6 Bg4 43. g3 Bh3 44. Bh5 Bc8 45. Be2 Bd7 46. Kb7 Be6 47. Ba6 Bg4 48. Kb8 Bd7 49. Bc8 Bb5 50. Bf5 Ba6 51. Ka7 Be2 52. Kb7 Bh5 53. Kc8 Be8 54. Kd8 Bb5 55. Bg6 Ke6 56. Kc7 Ba4 57. Bh7 Bb3 58. Kc6 Ba4+ 59. Kc5 h5 60. Bg8+ Kf5 61. h3 h4 62. Bxd5 g4 63. hxg4+ Kxg4 64. gxh4 Kf3 65. h5 Be8 66. h6 Bg6 67. Bf7 Bh7 68. d5 Kxf2 69. d6 1-0

[Event "Danmarksmesterskabet 2024"]
[Site "Svendborg"]
[Date "2024.03.23"]
[Round "1"]
[White "Liu, Casper Yukun"]
[Black "Fries Nielsen, Jens Ove"]
[Result "1-0"]
[WhiteElo "2283"]
[BlackElo "2364"]
[PlyCount "51"]
[EventDate "2023.03.23"]
[EventType "tourn"]
[EventRounds "9"]
[EventCountry "DEN"]
[SourceTitle "Live v. Kasper Jerwiarz"]

1. e4 a6 2. d4 h6 3. Nf3 e6 4. Bd3 d6 5. O-O Nd7 6. a4 Ne7 7. Nc3 g5 8. e5 Bg7 9. exd6 cxd6 10. Ne4 Nf5 11. c3 g4 12. Nfd2 h5 13. Nc4 Qc7 14. Bf4 e5 15. dxe5 dxe5 16. Bg5 f6 17. f3 g3 18. Be3 Nxe3 19. Nxe3 Qb6 20. Nd6+ Kf8 21. Ndc4 Qa7 22. Bg6 Bh6 23. Qd5 Bxe3+ 24. Kh1 Kg7 25. Qf7+ Kh6 26. Bf5 1-0

[Event "Danmarksmesterskabet 2024"]
[Site "Svendborg"]
[Date "2024.03.23"]
[Round "1"]
[White "Olsen, Filip Boe"]
[Black "Borge, Nikolaj"]
[Result "1-0"]
[WhiteElo "2456"]
[BlackElo "2379"]
[PlyCount "47"]
[EventDate "2023.03.23"]
[EventType "tourn"]
[EventRounds "9"]
[EventCountry "DEN"]
[SourceTitle "Live v. Kasper Jerwiarz"]

1. e4 c5 2. Nf3 e6 3. b3 Nf6 4. e5 Nd5 5. Bb2 Be7 6. Nc3 O-O 7. g3 b6 8. Nxd5 exd5 9. Bg2 Ba6 10. d4 cxd4 11. Nxd4 Qc7 12. f4 Bb4+ 13. Kf2 Bc3 14. Bxc3 Qxc3 15. Bxd5 Nc6 16. Nf3 Rad8 17. Qd2 Qc5+ 18. Kg2 Nb4 19. Be4 d6 20. a3 d5 21. Bxh7+ Kxh7 22. axb4 Qc8 23. Nd4 f6 24. e6 1-0

[Event "Danmarksmesterskabet 2024"]
[Site "Svendborg"]
[Date "2024.03.23"]
[Round "1"]
[White "Haubro, Martin"]
[Black "Thybo, Jesper Sondergaard"]
[Result "1/2-1/2"]
[WhiteElo "2436"]
[BlackElo "2542"]
[PlyCount "99"]
[EventDate "2023.03.23"]
[EventType "tourn"]
[EventRounds "9"]
[EventCountry "DEN"]
[SourceTitle "Live v. Kasper Jerwiarz"]

1. e4 c5 2. Nf3 Nc6 3. Bb5 g6 4. Bxc6 dxc6 5. d3 Bg7 6. h3 e5 7. O-O Qc7 8. a3 Ne7 9. b4 cxb4 10. axb4 O-O 11. Bb2 h6 12. Nbd2 Be6 13. d4 exd4 14. Bxd4 Rfd8 15. Bxg7 Kxg7 16. Ra5 b6 17. Qa1+ Kh7 18. Ra3 c5 19. b5 Qf4 20. Qc3 Nc8 21. Rfa1 Qc7 22. Ra4 Nd6 23. Qb2 c4 24. c3 Qc5 25. Nd4 Bd7 26. Rxa7 Rxa7 27. Rxa7 Nxb5 28. Nxb5 Qxb5 29. Qxb5 Bxb5 30. Nf3 Kg7 31. Ne5 Be8 32. Nxc4 Rd1+ 33. Kh2 b5 34. Ne5 Rc1 35. Ra8 Kf8 36. Rc8 b4 37. c4 b3 38. Rb8 Rc3 39. Nd7+ Ke7 40. Nb6 Bc6 41. Nd5+ Bxd5 42. cxd5 Kd6 43. f3 f5 44. Rb6+ Kc7 45. Rb4 fxe4 46. fxe4 Kd6 47. Rb6+ Kc7 48. Rb4 Kd6 49. Rb6+ Kc7 50. Rb4 1/2-1/2

[Event "Danmarksmesterskabet 2024"]
[Site "Svendborg"]
[Date "2024.03.24"]
[Round "2"]
[White "Chatalbashev, Boris"]
[Black "Ramsdal, Jens Albert"]
[Result "1-0"]
[WhiteElo "2448"]
[BlackElo "2378"]
[PlyCount "77"]
[EventDate "2023.03.23"]
[EventType "tourn"]
[EventRounds "9"]
[EventCountry "DEN"]
[SourceTitle "Live v. Kasper Jerwiarz"]

1. Nf3 Nf6 2. g3 d5 3. Bg2 e6 4. O-O Be7 5. d3 O-O 6. Nbd2 c5 7. e4 Nc6 8. Re1 b5 9. e5 Nd7 10. Nf1 Bb7 11. h4 Qc7 12. Bf4 Rfc8 13. N1h2 h6 14. Ng4 Bf8 15. h5 Qd8 16. Nh4 a5 17. a3 a4 18. c3 Na5 19. Qe2 Rab8 20. Rad1 Ba6 21. Bxd5 b4 22. Nxh6+ gxh6 23. Qg4+ Kh8 24. Bxe6 fxe6 25. Ng6+ Kh7 26. Qxe6 Bg7 27. Qf5 Kg8 28. e6 Nf6 29. Bxb8 Rxb8 30. e7 Qe8 31. Qe6+ Qf7 32. Qxa6 bxc3 33. Qxa5 cxb2 34. Qxa4 Re8 35. Qc4 Nd5 36. Ne5 Qe6 37. d4 cxd4 38. Nc6 Qd7 39. Nb4 1-0

[Event "Danmarksmesterskabet 2024"]
[Site "Svendborg"]
[Date "2024.03.24"]
[Round "2"]
[White "Jacobsen, Mikkel Manosri"]
[Black "Liu, Casper Yukun"]
[Result "0-1"]
[WhiteElo "2367"]
[BlackElo "2283"]
[PlyCount "88"]
[EventDate "2023.03.23"]
[EventType "tourn"]
[EventRounds "9"]
[EventCountry "DEN"]
[SourceTitle "Live v. Kasper Jerwiarz"]

1. Nf3 d5 2. d4 Nf6 3. c4 e6 4. e3 b6 5. b3 Bb7 6. Bd3 Bd6 7. O-O O-O 8. Bb2 Nbd7 9. Ne5 c5 10. Nd2 Qe7 11. Qc2 h6 12. Rad1 Bxe5 13. dxe5 Ng4 14. Nf3 dxc4 15. Bxc4 Bxf3 16. gxf3 Ngxe5 17. Be2 Rad8 18. Kh1 Ng6 19. Rg1 Nde5 20. Rde1 Qd6 21. Bc3 Nd3 22. Ref1 Qd5 23. Rg2 Nb4 24. Qb2 Nd3 25. Qa1 e5 26. Rd1 c4 27. bxc4 Qxc4 28. Kg1 Rd5 29. Rg4 Qb5 30. Bxe5 Ngxe5 31. Bxd3 Rfd8 32. Qc3 Rxd3 33. Rxd3 Rxd3 34. Qc8+ Kh7 35. Qf5+ g6 36. Qf6 Rd7 37. Rh4 h5 38. Kg2 Nd3 39. Rd4 Kg8 40. Re4 Rd5 41. f4 Qd7 42. h3 Rd6 43. Qg5 Qc6 44. f3 Qc2+ 0-1

[Event "Danmarksmesterskabet 2024"]
[Site "Svendborg"]
[Date "2024.03.24"]
[Round "2"]
[White "Fries Nielsen, Jens Ove"]
[Black "Olsen, Filip Boe"]
[Result "1/2-1/2"]
[WhiteElo "2364"]
[BlackElo "2456"]
[PlyCount "273"]
[EventDate "2023.03.23"]
[EventType "tourn"]
[EventRounds "9"]
[EventCountry "DEN"]
[SourceTitle "Live v. Kasper Jerwiarz"]

1. Nf3 d5 2. g3 c5 3. Bg2 Nc6 4. O-O e5 5. d3 Be7 6. Nc3 d4 7. Nb5 Be6 8. a4 Nf6 9. Bg5 O-O 10. Bxf6 Bxf6 11. Nd2 Qd7 12. c3 Rab8 13. Na3 a6 14. Nac4 b5 15. axb5 axb5 16. Na5 Nxa5 17. Rxa5 c4 18. dxc4 dxc3 19. bxc3 Rbd8 20. Ra2 Bxc4 21. Rb2 Bg5 22. e3 Bxf1 23. Bxf1 Rb8 24. Qb1 Be7 25. Nf3 Qd5 26. Qf5 g6 27. Qxe5 Qxe5 28. Nxe5 Rfc8 29. Rb3 Rc7 30. Rxb5 Rxb5 31. Bxb5 Rxc3 32. Nf3 Rc2 33. g4 Bc5 34. Bd3 Rb2 35. h3 Kg7 36. Be4 Be7 37. Kg2 h6 38. Bd3 Bg5 39. Kg3 Bf6 40. Kg2 Bd8 41. Be4 Rb4 42. Bd3 Bb6 43. Kg1 Kf6 44. Ba6 Ke7 45. Bd3 Rb2 46. Kf1 Ra2 47. Kg1 Ra3 48. Be4 Ke6 49. Bb7 Rc3 50. Kg2 Rc2 51. Kg3 Rb2 52. Bc8+ Ke7 53. Ba6 f5 54. gxf5 gxf5 55. Bc8 Kf6 56. Nh4 f4+ 57. Kxf4 Rxf2+ 58. Nf3 Re2 59. Nd4 Rd2 60. Ke4 h5 61. Bd7 Rg2 62. Be8 Rg5 63. Nf3 Ra5 64. Kf4 Bc7+ 65. Ke4 Bg3 66. Kd3 Bf2 67. e4 Ke7 68. Bg6 Bg3 69. Bf5 Ra3+ 70. Ke2 Kf6 71. Bc8 Bc7 72. Kf2 Bf4 73. Bd7 Ra2+ 74. Kf1 Bg3 75. Kg1 Rf2 76. Bc6 Ke6 77. Bd5+ Kd6 78. Ba8 Kd7 79. e5 Re2 80. Bd5 Re3 81. Kg2 h4 82. e6+ Kd6 83. Bc4 Rc3 84. Ba6 Rc2+ 85. Kg1 Bf2+ 86. Kf1 Bg3 87. Be2 Rc5 88. Nd4 Rd5 89. Nb5+ Ke7 90. Nc3 Rf5+ 91. Kg1 Rc5 92. Ne4 Rc1+ 93. Kg2 Rc2 94. Kf3 Kxe6 95. Bd3 Rb2 96. Bc4+ Ke5 97. Nxg3 Rc2 98. Bf1 Rc3+ 99. Kg4 Rxg3+ 100. Kxh4 Rg8 101. Bc4 Rc8 102. Bd3 Kf4 103. Kh5 Rh8+ 104. Kg6 Rxh3 105. Bc4 Rc3 106. Bd5 Rc5 107. Bb3 Rb5 108. Bc4 Rb6+ 109. Kf7 Ke5 110. Ba2 Rf6+ 111. Ke7 Ra6 112. Bb3 Ra7+ 113. Ke8 Kf6 114. Bc4 Rg7 115. Bb3 Re7+ 116. Kd8 Rb7 117. Bc4 Rb4 118. Ba2 Rb2 119. Bc4 Rd2+ 120. Ke8 Rd6 121. Bb3 Rb6 122. Bc4 Rb7 123. Ba2 Re7+ 124. Kd8 Ra7 125. Bb3 Ke5 126. Ke8 Kd6 127. Bc4 Re7+ 128. Kf8 Re4 129. Bb3 Rf4+ 130. Ke8 Rb4 131. Ba2 Rb2 132. Bc4 Rb7 133. Ba2 Rb4 134. Kf8 Ke5 135. Ke7 Rb7+ 136. Ke8 Re7+ 137. Kxe7 1/2-1/2

[Event "Danmarksmesterskabet 2024"]
[Site "Svendborg"]
[Date "2024.03.24"]
[Round "2"]
[White "Borge, Nikolaj"]
[Black "Haubro, Martin"]
[Result "1-0"]
[WhiteElo "2379"]
[BlackElo "2436"]
[PlyCount "57"]
[EventDate "2023.03.23"]
[EventType "tourn"]
[EventRounds "9"]
[EventCountry "DEN"]
[SourceTitle "Live v. Kasper Jerwiarz"]

1. e4 c5 2. Nf3 d6 3. d4 cxd4 4. Nxd4 Nf6 5. Nc3 a6 6. Bc4 e6 7. a3 b5 8. Ba2 Be7 9. Qe2 Bd7 10. f4 Nc6 11. Nf3 Qc7 12. e5 dxe5 13. fxe5 Ng4 14. Bf4 g5 15. Nxg5 Ncxe5 16. Nxf7 Kxf7 17. Rf1 Ke8 18. O-O-O Rf8 19. Bxe5 Nxe5 20. Qh5+ Nf7 21. Nd5 Qc6 22. Nf6+ Bxf6 23. Rxf6 Rc8 24. Qxh7 Rc7 25. Qg6 Ke7 26. Rdf1 Kd8 27. Rxf7 Re8 28. Rd1 Kc8 29. Rfxd7 1-0

[Event "Danmarksmesterskabet 2024"]
[Site "Svendborg"]
[Date "2024.03.24"]
[Round "2"]
[White "Ochsner, Bjorn Moller"]
[Black "Thybo, Jesper Sondergaard"]
[Result "1/2-1/2"]
[WhiteElo "2518"]
[BlackElo "2542"]
[PlyCount "105"]
[EventDate "2023.03.23"]
[EventType "tourn"]
[EventRounds "9"]
[EventCountry "DEN"]
[SourceTitle "Live v. Kasper Jerwiarz"]

1. e4 e5 2. Bc4 Nf6 3. d3 c6 4. Nf3 d5 5. Bb3 a5 6. a4 Bb4+ 7. Bd2 Bxd2+ 8. Nbxd2 Nbd7 9. O-O O-O 10. Re1 Re8 11. exd5 cxd5 12. Nb1 b6 13. Nc3 Bb7 14. Nb5 Qb8 15. d4 Bc6 16. dxe5 Nxe5 17. Nxe5 Rxe5 18. Rxe5 Qxe5 19. Qd4 Re8 20. Qxe5 Rxe5 21. Nd4 Bd7 22. f3 Kf8 23. Kf2 Ke7 24. Rd1 Kd6 25. Ne2 Bc6 26. Nd4 Bd7 27. c3 h5 28. Nc2 Kc5 29. Rd4 b5 30. Ne1 Bf5 31. axb5 Kxb5 32. h3 Kc5 33. g4 hxg4 34. hxg4 Bh7 35. Ra4 Kb6 36. Rd4 Kc5 37. Ra4 Kb6 38. Ng2 Nd7 39. Rd4 Nc5 40. Bxd5 Nd3+ 41. Kg3 Nxb2 42. Bxf7 g5 43. f4 gxf4+ 44. Nxf4 Re3+ 45. Kh4 Rxc3 46. g5 Rc7 47. Ba2 Kb5 48. Kh5 a4 49. Kh6 Bc2 50. g6 Bxg6 51. Kxg6 a3 52. Kf5 Rc2 53. Rd5+ 1/2-1/2

[Event "Danmarksmesterskabet 2024"]
[Site "Svendborg"]
[Date "2024.03.25"]
[Round "3"]
[White "Liu, Casper Yukun"]
[Black "Chatalbashev, Boris"]
[Result "0-1"]
[WhiteElo "2283"]
[BlackElo "2448"]
[PlyCount "62"]
[EventDate "2023.03.23"]
[EventType "tourn"]
[EventRounds "9"]
[EventCountry "DEN"]
[SourceTitle "Live v. Kasper Jerwiarz"]

1. e4 c5 2. Nf3 Nc6 3. c3 Nf6 4. e5 Nd5 5. Bc4 Nb6 6. Bb3 d5 7. exd6 Qxd6 8. O-O c4 9. Bc2 Bg4 10. d4 cxd3 11. Qxd3 Qxd3 12. Bxd3 Bxf3 13. gxf3 e6 14. a4 O-O-O 15. Bb5 Na5 16. Be3 Nb3 17. Ra2 Kb8 18. c4 Bb4 19. a5 Nxa5 20. Bf4+ Kc8 21. Na3 Nb3 22. Be3 Nd2 23. Rc1 Nxf3+ 24. Kg2 Ne1+ 25. Kf1 Nd3 26. Rd1 Ne5 27. Rxd8+ Rxd8 28. Nc2 Bd2 29. Bd4 Nexc4 30. Rxa7 e5 31. Bc5 Rd5 0-1

[Event "Danmarksmesterskabet 2024"]
[Site "Svendborg"]
[Date "2024.03.25"]
[Round "3"]
[White "Ramsdal, Jens Albert"]
[Black "Ochsner, Bjorn Moller"]
[Result "0-1"]
[WhiteElo "2378"]
[BlackElo "2518"]
[PlyCount "112"]
[EventDate "2023.03.23"]
[EventType "tourn"]
[EventRounds "9"]
[EventCountry "DEN"]
[SourceTitle "Live v. Kasper Jerwiarz"]

1. d4 Nf6 2. c4 c5 3. d5 e6 4. Nf3 exd5 5. cxd5 d6 6. Nc3 g6 7. Nd2 Bg7 8. e4 O-O 9. Be2 Na6 10. O-O Nc7 11. a4 Re8 12. Re1 Rb8 13. Qc2 a6 14. a5 Bd7 15. Nf1 b5 16. axb6 Rxb6 17. Bd2 Qb8 18. Ra2 Rb4 19. f3 Nh5 20. Nd1 f5 21. Bxb4 Qxb4 22. Qd2 Qd4+ 23. Qxd4 Bxd4+ 24. Kh1 fxe4 25. Bxa6 Nxa6 26. Rxa6 Bb5 27. Rxd6 Bxf1 28. Rxf1 e3 29. Re6 Rxe6 30. dxe6 e2 31. Re1 exd1=Q 32. Rxd1 Bf6 33. b3 Nf4 34. Re1 Kf8 35. g3 Nd3 36. Re3 Nb4 37. f4 Ke7 38. Kg2 Nc2 39. Re4 Nd4 40. g4 Nxb3 41. Ra4 Kxe6 42. Ra6+ Kf7 43. Ra7+ Be7 44. Kf3 Nd2+ 45. Ke2 Ne4 46. Rc7 Nc3+ 47. Kf3 Nb5 48. Rc8 Ke6 49. g5 Kd5 50. h4 c4 51. Re8 Nd4+ 52. Kg4 Bd6 53. Rc8 Bc5 54. Rd8+ Kc6 55. Re8 c3 56. Re3 Bb4 0-1

[Event "Danmarksmesterskabet 2024"]
[Site "Svendborg"]
[Date "2024.03.25"]
[Round "3"]
[White "Olsen, Filip Boe"]
[Black "Jacobsen, Mikkel Manosri"]
[Result "1/2-1/2"]
[WhiteElo "2456"]
[BlackElo "2367"]
[PlyCount "102"]
[EventDate "2023.03.23"]
[EventType "tourn"]
[EventRounds "9"]
[EventCountry "DEN"]
[SourceTitle "Live v. Kasper Jerwiarz"]

1. e4 c6 2. Nf3 d5 3. d3 g6 4. e5 Bg4 5. Nbd2 e6 6. h3 Bxf3 7. Nxf3 Bh6 8. Bxh6 Nxh6 9. h4 f6 10. Qd2 Nf7 11. exf6 Qxf6 12. O-O-O Nd7 13. d4 O-O-O 14. Re1 Rhf8 15. Re3 e5 16. dxe5 Nfxe5 17. Nxe5 Nxe5 18. Qd4 Nd7 19. Qxf6 Nxf6 20. Be2 Ne4 21. f3 Ng3 22. Rh3 d4 23. Re7 Rde8 24. Rxe8+ Rxe8 25. Rxg3 Rxe2 26. Rg4 Kc7 27. h5 gxh5 28. Rg7+ Kb6 29. Rxh7 Rxg2 30. Rxh5 Rf2 31. Rf5 c5 32. Rf6+ Kb5 33. Rf7 b6 34. Rxa7 Rxf3 35. Rh7 Rf1+ 36. Kd2 Rf2+ 37. Kc1 c4 38. Rh5+ Ka6 39. Rd5 Rf4 40. Kd1 Rh4 41. b3 c3 42. Ke2 Rh2+ 43. Kd3 Rd2+ 44. Kc4 Rxc2 45. Rxd4 Rxa2 46. Kxc3 Rh2 47. Ra4+ Kb7 48. Rd4 Rg2 49. Rd3 Rh2 50. Rd4 Rg2 51. Rd3 Rh2 1/2-1/2

[Event "Danmarksmesterskabet 2024"]
[Site "Svendborg"]
[Date "2024.03.25"]
[Round "3"]
[White "Haubro, Martin"]
[Black "Fries Nielsen, Jens Ove"]
[Result "1-0"]
[WhiteElo "2436"]
[BlackElo "2364"]
[PlyCount "95"]
[EventDate "2023.03.23"]
[EventType "tourn"]
[EventRounds "9"]
[EventCountry "DEN"]
[SourceTitle "Live v. Kasper Jerwiarz"]

1. e4 e6 2. d4 d5 3. Nc3 Nf6 4. e5 Nfd7 5. f4 c5 6. Nf3 Nc6 7. Be3 Qb6 8. Qd2 Qxb2 9. Rb1 Qa3 10. Be2 a6 11. O-O cxd4 12. Nxd4 Nxd4 13. Bxd4 Bc5 14. Kh1 Bxd4 15. Qxd4 O-O 16. Rf3 Qc5 17. Qd2 f6 18. exf6 Nxf6 19. Na4 Ne4 20. Qe1 Qc7 21. Nb6 Rb8 22. c4 Nf6 23. Qd2 Rd8 24. Qd4 dxc4 25. Qxc4 Qxc4 26. Bxc4 Rd4 27. f5 Nd5 28. Bxd5 exd5 29. Rc1 Kf7 30. h3 Kf6 31. Nxc8 Rb4 32. Rc7 Rc4 33. Rxc4 dxc4 34. Nb6 Rd8 35. Nxc4 b5 36. Ne3 Rd2 37. a3 a5 38. Ng4+ Kg5 39. f6 gxf6 40. Nxf6 Kg6 41. Ne4 Rd4 42. Nc3 b4 43. axb4 Rxb4 44. Nd5 Ra4 45. Kh2 Ra1 46. Rf6+ Kg7 47. Ra6 Kf7 48. h4 1-0

[Event "Danmarksmesterskabet 2024"]
[Site "Svendborg"]
[Date "2024.03.26"]
[Round "4"]
[White "Chatalbashev, Boris"]
[Black "Olsen, Filip Boe"]
[Result "1-0"]
[WhiteElo "2448"]
[BlackElo "2456"]
[PlyCount "73"]
[EventDate "2023.03.23"]
[EventType "tourn"]
[EventRounds "9"]
[EventCountry "DEN"]
[SourceTitle "Live v. Kasper Jerwiarz"]

1. c4 e6 2. g3 d5 3. Bg2 Nf6 4. Nf3 Be7 5. d4 O-O 6. Nc3 c6 7. O-O a5 8. Nd2 b5 9. cxb5 cxb5 10. Nxb5 Qb6 11. Nc3 Nc6 12. Nb3 Ba6 13. Re1 Qa7 14. Bf4 Rac8 15. e3 Nd7 16. e4 dxe4 17. d5 exd5 18. Nxd5 Nf6 19. Be3 Qb8 20. Nxa5 Nxd5 21. Nxc6 Rxc6 22. Qxd5 Re6 23. Bxe4 Rd8 24. Qf5 g6 25. Qf3 Qxb2 26. Bd5 Qf6 27. Qxf6 Rxf6 28. Bb3 Rc6 29. Bb6 Rxb6 30. Rxe7 Rf6 31. Rc1 Rd2 32. f4 Rb2 33. Rcc7 Rb1+ 34. Kf2 Rb2+ 35. Kf3 Bb5 36. Bxf7+ Kf8 37. Bd5 1-0

[Event "Danmarksmesterskabet 2024"]
[Site "Svendborg"]
[Date "2024.03.26"]
[Round "4"]
[White "Ramsdal, Jens Albert"]
[Black "Liu, Casper Yukun"]
[Result "0-1"]
[WhiteElo "2378"]
[BlackElo "2283"]
[PlyCount "82"]
[EventDate "2023.03.23"]
[EventType "tourn"]
[EventRounds "9"]
[EventCountry "DEN"]
[SourceTitle "Live v. Kasper Jerwiarz"]

1. d4 Nf6 2. c4 c5 3. d5 b5 4. cxb5 a6 5. bxa6 e6 6. dxe6 fxe6 7. e3 Be7 8. Nf3 O-O 9. Nbd2 d5 10. b3 Nc6 11. Bb2 Qa5 12. a3 e5 13. b4 Qb6 14. b5 e4 15. Ng5 Ng4 16. Ndxe4 dxe4 17. Qd5+ Kh8 18. Nf7+ Rxf7 19. Qxf7 Qa5+ 20. Kd1 Qd8+ 21. Kc2 Nce5 22. Qb3 Qb6 23. Bxe5 Nxe5 24. Qd5 Qb8 25. Rb1 Bd7 26. Be2 c4 27. a4 Be8 28. Rhd1 Nd3 29. f3 Rxa6 30. Qxc4 Ra7 31. Kd2 Bf7 32. Qd4 Bf6 33. Qxe4 Bg6 34. Qc6 Ne5 35. Qe6 Re7 36. Qa2 Qb6 37. Rb3 Qa5+ 38. Rc3 Nxf3+ 39. Bxf3 Qxc3+ 40. Ke2 Qxe3+ 41. Kf1 Bd3+ 0-1

[Event "Danmarksmesterskabet 2024"]
[Site "Svendborg"]
[Date "2024.03.26"]
[Round "4"]
[White "Jacobsen, Mikkel Manosri"]
[Black "Haubro, Martin"]
[Result "1-0"]
[WhiteElo "2367"]
[BlackElo "2436"]
[PlyCount "59"]
[EventDate "2023.03.23"]
[EventType "tourn"]
[EventRounds "9"]
[EventCountry "DEN"]
[SourceTitle "Live v. Kasper Jerwiarz"]

1. d4 Nf6 2. c4 e6 3. Nf3 d5 4. Nc3 c6 5. Bg5 h6 6. Bh4 dxc4 7. e4 g5 8. Bg3 b5 9. Be2 Nbd7 10. d5 cxd5 11. exd5 Nb6 12. dxe6 Bxe6 13. Nd4 Bb4 14. O-O O-O 15. Bf3 Nfd5 16. Ncxb5 Bd7 17. Qc2 a6 18. Nc3 Bxc3 19. bxc3 Ba4 20. Qd2 Qf6 21. Rfe1 Rfe8 22. h3 Rad8 23. Rxe8+ Rxe8 24. Re1 Rxe1+ 25. Qxe1 Nf4 26. Bxf4 Qxf4 27. Qe7 Nd7 28. g3 Qc1+ 29. Kg2 Qxc3 30. Bd5 1-0

[Event "Danmarksmesterskabet 2024"]
[Site "Svendborg"]
[Date "2024.03.26"]
[Round "4"]
[White "Fries Nielsen, Jens Ove"]
[Black "Thybo, Jesper Sondergaard"]
[Result "0-1"]
[WhiteElo "2364"]
[BlackElo "2542"]
[PlyCount "88"]
[EventDate "2023.03.23"]
[EventType "tourn"]
[EventRounds "9"]
[EventCountry "DEN"]
[SourceTitle "Live v. Kasper Jerwiarz"]

1. Nf3 c5 2. e4 Nc6 3. Bb5 g6 4. O-O Bg7 5. Re1 e5 6. d3 Nge7 7. Bg5 O-O 8. Qc1 d6 9. Bxc6 bxc6 10. Bh6 f5 11. Bxg7 Kxg7 12. Nbd2 fxe4 13. dxe4 h6 14. Re3 g5 15. Nc4 Ba6 16. Nfd2 Ng6 17. Qe1 Qe7 18. Rd1 Rad8 19. Ra3 Bc8 20. Nf1 d5 21. Nce3 d4 22. Nf5+ Bxf5 23. exf5 Rxf5 24. Ng3 Rf7 25. Qe4 Qe6 26. Ra6 Rc8 27. Ra5 Rd8 28. Rxc5 Rd5 29. Rc4 Nf4 30. b3 h5 31. Re1 c5 32. Ra4 h4 33. Ne2 Nh5 34. f3 Nf6 35. Qd3 e4 36. fxe4 Re5 37. Ra6 Qg4 38. Rf1 Rxe4 39. Nc1 Re3 40. Qd1 Qxd1 41. Rxd1 Nd5 42. Rf1 Rxf1+ 43. Kxf1 Rc3 44. Nd3 Rxc2 0-1

[Event "Danmarksmesterskabet 2024"]
[Site "Svendborg"]
[Date "2024.03.26"]
[Round "4"]
[White "Ochsner, Bjorn Moller"]
[Black "Borge, Nikolaj"]
[Result "1/2-1/2"]
[WhiteElo "2518"]
[BlackElo "2379"]
[PlyCount "67"]
[EventDate "2023.03.23"]
[EventType "tourn"]
[EventRounds "9"]
[EventCountry "DEN"]
[SourceTitle "Live v. Kasper Jerwiarz"]

1. Nf3 c5 2. c4 Nc6 3. Nc3 e5 4. e3 Nf6 5. d4 e4 6. d5 exf3 7. dxc6 dxc6 8. Qxd8+ Kxd8 9. gxf3 g6 10. b3 Bg7 11. Bb2 Ke7 12. Na4 b6 13. Bg2 Bd7 14. O-O-O g5 15. h4 h6 16. Bh3 Bxh3 17. Rxh3 Rag8 18. Rg1 Nh7 19. hxg5 Nxg5 20. Rh5 Bxb2+ 21. Nxb2 Nxf3 22. Rxg8 Rxg8 23. Rxh6 Ne5 24. Rh1 Rg2 25. Rf1 b5 26. Kd2 Rg4 27. Rc1 Kd6 28. Ke2 Rh4 29. Rd1+ Kc7 30. cxb5 cxb5 31. Rd5 Nd7 32. a4 a6 33. axb5 axb5 34. Nd3 1/2-1/2

[Event "Danmarksmesterskabet 2024"]
[Site "Svendborg"]
[Date "2024.03.27"]
[Round "5"]
[White "Haubro, Martin"]
[Black "Chatalbashev, Boris"]
[Result "0-1"]
[WhiteElo "2436"]
[BlackElo "2448"]
[PlyCount "80"]
[EventDate "2023.03.23"]
[EventType "tourn"]
[EventRounds "9"]
[EventCountry "DEN"]
[SourceTitle "Live v. Kasper Jerwiarz"]

1. e4 d6 2. d4 Nf6 3. Nc3 g6 4. Be3 c6 5. h3 Nbd7 6. Nf3 Qc7 7. a4 Bg7 8. Qd2 O-O 9. Be2 b6 10. O-O a6 11. Rfe1 Bb7 12. Bg5 e5 13. dxe5 dxe5 14. Qe3 Rfe8 15. b4 b5 16. Nd2 Nf8 17. Nb3 Ne6 18. Rad1 bxa4 19. Nxa4 Nxe4 20. Qxe4 Nxg5 21. Qc4 Ne6 22. Nac5 Bc8 23. Bg4 Bf8 24. Bxe6 Bxe6 25. Nxe6 Rxe6 26. c3 Qb7 27. Ra1 Qb5 28. Re4 Qd5 29. Ra5 Qd1+ 30. Kh2 h5 31. Nc5 Rf6 32. f3 Rd8 33. Re2 Rf4 34. Qa2 Qf1 35. Rf2 Qe1 36. Re2 Qxc3 37. Ne4 Qxb4 38. Rxe5 Qb8 39. Qb2 Qxb2 40. Rxb2 Bg7 0-1

[Event "Danmarksmesterskabet 2024"]
[Site "Svendborg"]
[Date "2024.03.27"]
[Round "5"]
[White "Olsen, Filip Boe"]
[Black "Ramsdal, Jens Albert"]
[Result "1-0"]
[WhiteElo "2456"]
[BlackElo "2378"]
[PlyCount "81"]
[EventDate "2023.03.23"]
[EventType "tourn"]
[EventRounds "9"]
[EventCountry "DEN"]
[SourceTitle "Live v. Kasper Jerwiarz"]

1. d4 e6 2. c4 b6 3. a3 Bb7 4. Nc3 Nf6 5. Bf4 d5 6. cxd5 Nxd5 7. Nxd5 Qxd5 8. e3 Nc6 9. Ne2 e5 10. Nc3 Qd7 11. dxe5 O-O-O 12. Qxd7+ Rxd7 13. Be2 h5 14. Rc1 Nd8 15. e4 Ne6 16. Be3 Bc5 17. Bb5 Rdd8 18. Bxc5 Nxc5 19. f3 Nd3+ 20. Bxd3 Rxd3 21. O-O a6 22. Rfd1 Rhd8 23. Nd5 Rxd1+ 24. Rxd1 Kb8 25. Kf2 c6 26. Ne3 Rxd1 27. Nxd1 Kc7 28. f4 b5 29. Ne3 Kd7 30. Nf5 g5 31. Nd6 Ba8 32. f5 f6 33. Nf7 c5 34. e6+ Ke7 35. Ke3 a5 36. Nh6 Kf8 37. g3 b4 38. e5 fxe5 39. f6 Bc6 40. Nf5 c4 41. Nd6 1-0